1816 1017 1835 1482 1985 1977 1853 1243 1286 1715 1573 1706 1022 1625 1461 1486 1607 1900 1342 1149 1754 1625 1638 1110 1038 1333 1967 1801 1758 1024 1017 1495 1014 1066 1777 1683 1341 1136 1175 1904 1072 1825 1275 1028 1052 1251 1564 1695 1140 1936 1977 1448 1927 1298 1831 1315 1439 1942 1767 1748 1023 1889 1744 1166 1345 1802 1720 1640 1834 1748 1140 1567 1203 1293 1478 1789 1038 1088 1262 1668 1355 1929 1720 1721 1506 1217 1532 1225 1292 1706 1559 1271 1173 1381 1614 1041 1518 1044 1539 BCNSPRNW ULIB Ver.6.0+V

เปลี่ยนเป็นภาษาไทย

Change to English
 แสดงรายละเอียดบรรณานุกรม
  กลับหน้าหลัก

Brief Record : Get Marc (ISO 2709) : E-mail record : QR code < ปิดหน้าต่าง
LEADER : 00000nas 2200000uu 4500
001    13399124396
003     ULIB
008    020711s|||| th a 000 0 tha d
022    24081280
110    สมาคมผู้ปฏิบัติการพยาบาลขั้นสูง
245    วารสารการปฏิบัติการพยาบาลและการผดุงครรภ์ไทย/^cสมาคมผู้ปฏิบัติการพยาบาลขั้นสูง(ประเทศไทย)
260    นนทบุรี :^bสมาคมผู้ปฏิบัติการพยาบาลขั้นสูง,^cม.ป.ป.
310    ^aราย 6 เดือน
850 ^a ULIB^bปีที่ 1 ฉบับที่ 1 ฉ.1
945    ^p0^l0^i903047
รายการนี้ยังไม่มีแท็ก
คุณยังไม่ได้ล็อกอิน คุณสามารถมีกิจกรรมร่วมกับเว็บไซต์ได้ แต่ต้องล็อกอินก่อน ::
  ล็อกอิน

รายการสื่อสารสนเทศ (วารสาร)

ดูแบบ: กล่อง รายการ
ARRIVED
ปีที่ 1 ฉบับที่ 1 ฉ.1
สถานที่: ห้องสมุดวิทยาเขตสวรรค์ประชารักษ์ >วารสาร

BibComment


ยังไม่เคยถูกคอมเมนท์

คอมเมนท์ทรัพยากรรายการนี้
  คอมเมนท์: วารสารการปฏิบัติก..


 Copyright 2026. Bcnsprnw @Library